Du droit a l'oisiveté et de l'organisation du travail servile dans les républiques grecques et romaines / (Record no. 160165)

MARC details
000 -LEADER
campo de control de longitud fija 00961nam a2200241 i 4500
001 - NÚMERO DE CONTROL
campo de control 160165
003 - IDENTIFICADOR DE NÚMERO DE CONTROL
campo de control ES-MaACL
005 - FECHA Y HORA DE LA ÚLTIMA TRANSACCIÓN
campo de control 20230906211944.0
008 - DATOS DE LONGITUD FIJA--INFORMACIÓN GENERAL
campo de control de longitud fija 020927s1849 fr |||| | fre d
100 1# - ENTRADA PRINCIPAL--NOMBRE DE PERSONA
Nombre de persona Moreau-Christophe, Louis-Mathurin.
9 (RLIN) 130158
245 10 - MENCIÓN DEL TÍTULO
Título Du droit a l'oisiveté et de l'organisation du travail servile dans les républiques grecques et romaines /
Mención de responsabilidad, etc. par L.-M. Moreau-Christophe.
260 ## - PUBLICACIÓN, DISTRIBUCIÓN, ETC.
Lugar de publicación, distribución, etc. Paris :
Nombre del editor, distribuidor, etc. chez Guillaumin et Cie.,
Fecha de publicación, distribución, etc. 1849 (
Lugar de fabricación/manufactura Batignolles :
Fabricante Imp. de Hennuyer et C.)
300 ## - DESCRIPCIÓN FÍSICA
Extensión 336 p. ;
Dimensiones 23 cm.
530 ## - NOTA DISPONIBLE DE FORMULARIO FÍSICO ADICIONAL
Nota de formato físico adicional disponible Disponible en formato digital.
650 #4 - PUNTO DE ACCESO ADICIONAL DE MATERIA--TÉRMINO DE MATERIA
Término de materia o nombre geográfico como elemento de entrada Ocio-
Subdivisión geográfica Grecia.
9 (RLIN) 167528
650 #4 - PUNTO DE ACCESO ADICIONAL DE MATERIA--TÉRMINO DE MATERIA
Término de materia o nombre geográfico como elemento de entrada Ocio-
Subdivisión geográfica Roma.
9 (RLIN) 167529
650 #4 - PUNTO DE ACCESO ADICIONAL DE MATERIA--TÉRMINO DE MATERIA
Término de materia o nombre geográfico como elemento de entrada Esclavitud-
Subdivisión geográfica Grecia.
9 (RLIN) 167530
650 #4 - PUNTO DE ACCESO ADICIONAL DE MATERIA--TÉRMINO DE MATERIA
Término de materia o nombre geográfico como elemento de entrada Esclavitud-
Subdivisión geográfica Roma.
9 (RLIN) 139191
752 ## - ENTRADA AGREGADA--NOMBRE JERÁRQUICO DEL LUGAR
País o entidad superior Francia -
Ciudad París
752 ## - ENTRADA AGREGADA--NOMBRE JERÁRQUICO DEL LUGAR
País o entidad superior Francia -
Ciudad Batignolles
852 ## - LOCALIZACIÓN
Ubicación ES-MaACL
Número de control de estantería C-2667
Nota libre - Enc. hol.
856 ## - LOCALIZACIÓN Y ACCESO ELECTRÓNICOS
Identificador Uniforme de Recursos <a href="http://bdh-rd.bne.es/viewer.vm?id=0000120674&page=1 ">http://bdh-rd.bne.es/viewer.vm?id=0000120674&page=1 </a>
Nota pública Biblioteca Digital Hispánica
Holdings
Estatus retirado Estado de pérdida Estado de daño No para préstamo Colección Biblioteca de origen Biblioteca actual Ubicación en estantería Fecha de adquisición Fuente de adquisición Total de préstamos Signatura topográfica completa Código de barras Visto por última vez Precio de reemplazo Tipo de ítem Koha
        Colección digital Biblioteca del Ateneo de Madrid Biblioteca del Ateneo de Madrid Sala Palomar 17/01/2008     C-2667 1167683 23/02/2023 23/02/2023 Libro impreso antiguo